| 000 | 01798cam a2200529 a 4500 | ||
|---|---|---|---|
| 001 | 21057 | ||
| 003 | VRT | ||
| 005 | 20260211122112.0 | ||
| 008 | 240318s2014 xo c 000 j slo | ||
| 015 | _aSNBA2016/08 | ||
| 020 |
_a9788081030758 _q(viaz.) |
||
| 035 | _a1E9E1566-03E0-497A-9EAA-86DE50D25C48 | ||
| 035 | _aurn:nbn:sk:snk-amthgb | ||
| 035 | _aurn:nbn:sk:snk-am00bplf | ||
| 039 | 9 |
_a202403182201 _bVLOAD _c201712151342 _dVLOAD _c201610201429 _dmttkjf04 _c201608081600 _dcsnk08 |
|
| 040 |
_aPPPK _bslo _cPPPK _dSNK _eAACR2 |
||
| 041 | 1 |
_aslo _hger |
|
| 044 |
_axo _cSK |
||
| 072 | 7 |
_a821.112.2-3 _xNemecká próza, nemecky písaná _2konspekt |
|
| 072 | 7 |
_a821-93 _xLiteratúra pre deti a mládež (beletria) _2konspekt |
|
| 080 |
_a821.112.2-32 _22011 |
||
| 080 |
_a82-93-053.2 _22011 |
||
| 100 | 1 |
_aGohl, Christiane, _d1958- _4aut |
|
| 240 | 1 | 0 |
_aLea und die Pferde: Das Traumpferd fürs Leben _lSlovensky |
| 245 | 1 | 0 |
_aLea a kone _n[3] _pKôň môjho života _cChristiane Gohl ; [z nemeckého originálu preložila Danka Banská] |
| 246 | 3 | 0 | _aKôň môjho života |
| 250 | _a1. vyd. | ||
| 260 |
_aSenica _bArkus _c2014 |
||
| 300 |
_a132 s. _c21 cm |
||
| 500 | _aPokračovanie kníh Šťastie pre koňa (1) a Jar medzi koňmi (2) | ||
| 655 | 7 |
_anemecké príbehy _2SNKPH |
|
| 655 | 7 |
_apublikácie pre deti _2SNKPH |
|
| 655 | 7 |
_aGerman stories _2SNKPHeng |
|
| 655 | 7 |
_aChildren's literature _2SNKPHeng |
|
| 700 | 1 |
_aBanská, Danka _4trl |
|
| 910 | _apppk | ||
| 910 | _apokpoh | ||
| 910 | _asllk | ||
| 910 | _askpk | ||
| 910 | _ahevk | ||
| 910 | _atotk | ||
| 910 | _asnk | ||
| 910 | _attkjf | ||
| 942 |
_2ddc _cKLDE _n0 |
||
| 949 |
_617A1200089 _asnkSC 153407/3 _bsnk2016/18354 _o1655/16 _s6100:20160810 |
||
| 949 |
_617A1200090 _asnkSC 153407/3 D1 _bsnk2016/18355 _o1655/16 |
||
| 999 |
_c21057 _d21057 |
||